Deutschsprachige Nr.1-Hits (1980-1999) - Statistiken

Allgemein
  • Dieses Quiz wurde 468 mal gespielt
  • Das Durchschnittsergebnis liegt bei 15 aus 30
Antwortstatistiken
Jahr Interpret Antwort % Korrekt
1983 Nena 99 Luftballons
94%
1985 Falco Rock Me Amadeus
82%
1982 Spider Murphy Gang Skandal im Sperrbezirk
82%
1983 Peter Schilling Major Tom (völlig losgelöst)
80%
1982 Nicole Ein bißchen Frieden
79%
1990 Matthias Reim Verdammt, ich lieb’ Dich
77%
1982 Falco Der Kommissar
76%
1983 Geier Sturzflug Bruttosozialprodukt
75%
1980 Mike Krüger Der Nippel
68%
1986 Falco Jeanny, Part 1
68%
1998 Oli.P Flugzeuge im Bauch
62%
1984 Nino de Angelo Jenseits von Eden
61%
1982 Markus Ich will Spaß
58%
1995 Die Doofen Mief! (Nimm mich jetzt, auch wenn ich stinke)
58%
1980 Roland Kaiser Santa Maria
55%
1991 Torfrock Beinhart
54%
1981/82 Gottlieb Wendehals Polonäse Blankenese
53%
1998 Die Ärzte Ein Schwein namens Männer
43%
1983 Tauchen-Prokopetz (DÖF) Codo … düse im Sauseschritt
35%
1996 Die Toten Hosen Zehn kleine Jägermeister
35%
1995 Die Fantastischen Vier Sie ist weg
32%
1997 Tic Tac Toe Warum?
32%
1986 Falco Coming Home (Jeanny Part 2, ein Jahr danach)
29%
1994 Mo-Do Eins, zwei, Polizei
28%
1997 Sabrina Setlur Du liebst mich nicht
26%
1996 Tic Tac Toe Verpiss’ dich
26%
1982 Andy Borg Adios Amor
20%
1981 Fred Sonnenschein (Frank Zander) Ja, wenn wir alle Englein wären
20%
1999 Oli.P So bist du (und wenn du gehst …)
15%
1990 Werner Wichtig Pump ab das Bier
12%
Keine übereinstimmenden Quizze gefunden
Verteilung der Resultate
Anzahl Personen mit jedem Resultat
Perzentil nach korrekt beantworteten Fragen
Ihre Resultats-Entwicklung
Sie haben dieses Quiz noch nicht gespielt